| 000 | 01489nam a22004097a 4500 | ||
|---|---|---|---|
| 001 | 13079206 | ||
| 003 | OSt | ||
| 005 | 20210421060618.0 | ||
| 008 | 030203s2003 nyu 000 1 eng | ||
| 010 | _a 2003043106 | ||
| 020 | _a1573222453 (acidfree paper) | ||
| 040 |
_aeng _cDLC _deng _beng |
||
| 041 | _aeng | ||
| 043 | _aa-af--- | ||
| 050 | 0 | 0 |
_aPS3608.O832 _bK58 2003 |
| 080 |
_a821.111 _bH-81 |
||
| 082 | 0 | 0 |
_a813/.6 _221 |
| 100 | 1 | _aHosseini, Khaled. | |
| 245 | 1 | 4 |
_aThe kite runner / _cKhaled Hosseini. |
| 260 |
_aNew York : _bRiverhead Books, _c2003. |
||
| 300 |
_a371 p. ; _c24 cm. |
||
| 365 | _b14 usd | ||
| 650 | 0 |
_aMale friendship _vFiction. |
|
| 650 | 0 |
_aEnglish literature _9254 |
|
| 650 | 0 |
_aSocial classes _vFiction. |
|
| 650 | 0 |
_aBetrayal _vFiction. |
|
| 650 | 0 |
_aBoys _vFiction. |
|
| 651 | 0 |
_aKabul (Afghanistan) _vFiction. |
|
| 651 | 0 |
_aAfghanistan _vFiction. |
|
| 653 | _aინგლისური ლიტერატურა | ||
| 655 | 7 |
_aBildungsromans. _2gsafd |
|
| 856 | 4 | 2 |
_3Contributor biographical information _uhttp://www.loc.gov/catdir/enhancements/fy0720/2003043106-b.html |
| 856 | 4 | 2 |
_3Publisher description _uhttp://www.loc.gov/catdir/enhancements/fy0720/2003043106-d.html |
| 906 |
_a7 _bcbc _corignew _d1 _eocip _f20 _gy-gencatlg |
||
| 942 |
_2udc _cBK |
||
| 999 |
_c630 _d630 |
||